Statistics for Soccer category elimination

Click here to take the quiz!

General Stats

  • This quiz has been taken 1,784 times
  • The average score is 14 of 20

Answer Stats

Group#Category% Correct
Red20Premier League teams 2019/20
100%
Red14...that is NOT considered as the 'big 6'
98%
Red11...that was in the league last season
93%
Yellow32Champions league teams (2020)
88%
Yellow12... that is NOT a premier league club
87%
Blue16... not from Madrid
87%
Blue20Laliga clubs 2019/20
87%
Yellow16... that made it in the round of 16
87%
Red5...that has the letter 'a' in its name
84%
Pink18Bundesliga club
82%
Pink12... that has the letter 'E'
80%
Yellow4... but versed/versing a premier league club
79%
Blue12... that did not make it in the champions/europa league
71%
Yellow1... and had no losses in the group stageBayern Munich
67%
Pink9...isn't in the champions league
61%
Pink4... and has the colour blue in its logo
56%
Pink1... that is located in BerlinHertha
44%
Blue3... that ends in 'A'
41%
Red1... that doesn't have the colour black on its logoCrystal Palace
35%
Blue1... and is going the best so far (out of these ones left)Granada
20%

Score Distribution

Percentile by Number Answered

Percent of People with Each Score

Your Score History

You have not taken this quiz